ბათუმის შოთა რუსთაველის სახელმწიფო უნივერსიტეტის ბიბლიოთეკა

მიწოდების ხარჯების მინიმიზაციისა და საწარმოო ლოჯისტიკური პოტენციალის ოპტიმიზაციის სტრატეგიები გლობალურ ბიზნესში (ბიბ.ჩანაწერი № 57121)

000 -ლიდერი
ფიქსირებული სიგრძის საკონტროლო ველი 01280nam a22002177a 4500
003 - საკონტროლო ნომრის იდენტიფიკატორი
საკონტროლო ველი Ge_BSU
005 - ბოლო ოპერაციის თარიღი და დრო
საკონტროლო ველი 20191121165832.0
008 - ფიქსირებული სიგრძის მონაცემთა ელემენტები - ზოგადი ინფორმაცია
ფიქსირებული სიგრძის საკონტროლო ველი 191121s2018 ge ||||| |||| 00| 0 geo d
020 ## - წიგნის საერთაშორისო სტანდარტული ნომერი
International Standard Book Number 9789941956560
041 ## - ენის კოდი
Language code of text/sound track or separate title geo
080 ## - უნივერსალური ათობითი კლასიფიკაციის ინდექსი
Universal Decimal Classification number 330+ 338.22 ჭ-46
100 ## - მთავარი ჩანაწერი - პიროვნების სახელი
Personal name ჭილაია, ნინო.
9 (RLIN) 5506
245 ## - ცნობა სათაურის შესახებ
Title მიწოდების ხარჯების მინიმიზაციისა და საწარმოო ლოჯისტიკური პოტენციალის ოპტიმიზაციის სტრატეგიები გლობალურ ბიზნესში
Remainder of title მონოგრაფია /
Statement of responsibility, etc ნინო ჭილაია ; რედ : რეზო მანველიძე ; ბადრი გეჩბაია.
264 ## - წარმოების, გამოცემის, დისტრიბუციის და სხვა ცნობები
გამოცემის, წარმოების, დისტრიბუციის... ადგილი თბილისი :
გამოცემის, წარმოების, დისტრიბუციის... სახელწოდება კალმოსანი,
გამოცემის, წარმოების, დისტრიბუციის... თარიღი 2018.
300 ## - ფიზიკური აღწერა
Extent 248 გვ. :
Other physical details დიაგრ., ცხრ. ;
Dimensions 20 სმ.
653 ## - INDEX TERM--UNCONTROLLED
Uncontrolled term ლოგისტიკა
653 ## - INDEX TERM--UNCONTROLLED
Uncontrolled term ეკონომიკური პოლიტიკა
700 ## - ADDED ENTRY--PERSONAL NAME
Personal name მანველიძე, რეზო
Relator term რედაქტორი
9 (RLIN) 1497
700 ## - ADDED ENTRY--PERSONAL NAME
Personal name ბადრი, გეჩბაია
Relator term რედაქტორი
9 (RLIN) 5507
942 ## - ADDED ENTRY ELEMENTS (KOHA)
Source of classification or shelving scheme
Koha item type წიგნი
ეგზემპლარები
ჩამოწერის სტატუსი დაკარგული ეგზემპლარის სტატუსი კლასიფიკაციის წყარო ან თაროზე გაწყობის სქემა დაზიანების სტატუსი არ გაიცემა მუდმივი მდებარეობა (დაცვის ადგილი) ამჟამინდელი ადგილსამყოფელი თაროზე განთავსების ადგილი შეძენის თარიღი ღირებულება, შესყიდვის ნორმალური ფასი სრული შენახვის შიფრი შტრიხკოდი ბოლო ოპერაციის თარიღი ეგზემპლარის მიმდევრობითი ნომერი (კეტერი?) ფასის ძალაში შესვლის თარიღი ეგზემპლარის სახეობა საჯარო შენიშვნა
          ბათუმის შოთა რუსთაველის სახელმწიფო უნივერსიტეტის მთავარი ბიბლიოთეკა ბათუმის შოთა რუსთაველის სახელმწიფო უნივერსიტეტის მთავარი ბიბლიოთეკა წიგნსაცავი 2019-11-21 7.00 330+ 338.22 ჭ-46 59312 2019-11-21 59312 2019-11-21 წიგნი 7.00
          ბათუმის შოთა რუსთაველის სახელმწიფო უნივერსიტეტის მთავარი ბიბლიოთეკა ბათუმის შოთა რუსთაველის სახელმწიფო უნივერსიტეტის მთავარი ბიბლიოთეკა წიგნსაცავი 2019-11-21 7.00 330+ 338.22 ჭ-46 59313 2019-11-21 59313 2019-11-21 წიგნი 7.00
          ბათუმის შოთა რუსთაველის სახელმწიფო უნივერსიტეტის მთავარი ბიბლიოთეკა ბათუმის შოთა რუსთაველის სახელმწიფო უნივერსიტეტის მთავარი ბიბლიოთეკა წიგნსაცავი 2019-11-21 7.00 330+ 338.22 ჭ-46 59314 2019-11-21 59314 2019-11-21 წიგნი 7.00
          ბათუმის შოთა რუსთაველის სახელმწიფო უნივერსიტეტის მთავარი ბიბლიოთეკა ბათუმის შოთა რუსთაველის სახელმწიფო უნივერსიტეტის მთავარი ბიბლიოთეკა წიგნსაცავი 2019-11-21 7.00 330+ 338.22 ჭ-46 59315 2019-11-21 59315 2019-11-21 წიგნი 7.00